000 00661nam a2200217Ii 4500
001 1164
003 CO-ViMGA
008 241108s9999||||xx |||||||||||||| ||und||
020 _a9586823512
040 _aCO-ViMGA
_bspa
_erda
_cCO-ViMGA
041 0 _aspa
082 0 4 _a925.2 C66r
100 1 _aNICOLAS COPERNICO
_950809
245 1 0 _aEl renovador involuntario :
_bNicolás Copérnico
264 1 _a[Lugar de publicación no identificado] : Colciencias; Alfaomega, 2001
300 _avolumen
336 _atext
_btxt
_2rdacontent
337 _aunmediated
_bn
_2rdamedia
338 _avolume
_bnc
_2rdacarrier
940 _aidficha_siabuc: 1142. -- ficha_no_siabuc:1164
999 _c45501
_d45501